000 00803nmc a2200277 a 4500
003 AR-BaBNM
005 20251128203051.0
008 127019s1987 ||||||||||||||000 | spa||
040 _cAR-BaBNM
100 1 _aMadrid de Martín, Encarnación
245 1 0 _aEducación sexual en el sistema educativo
260 _aBuenos Aires
_bDocencia
_c1987
300 0 _a45 p.
_btablas, diagr.
490 0 _aCongreso pedagógico. Compromiso y creatividad
_vv. 71
650 4 _aEDUCACION SEXUAL
650 4 _aPUBERTAD
650 4 _aADOLESCENCIA
653 0 _aTEMAS TRANSVERSALES
653 0 _aORIENTACION EDUCATIVA
653 0 _aEDUCACION PRIMARIA
653 0 _aEDUCACION SECUNDARIA
700 1 _aMartín, Orlando R.
800 1 _aGómez de Mier, Eugenio
_ecoordinador
942 _cBK
998 _cSILVI
999 _c1734
_d1734